000 00302nam a2200145Ia 4500
100 _aPatwardhan/S.S
942 _cBK
654 _aphysics
245 _aApplied Physics I
260 _bNandu Book House
_aMumbai
_c2007
082 _a530/PAT
_bPAT
300 _a185
546 _aENGLISH
999 _c30515
_d30515